Breve historia de la locura

Saved in:
Bibliografiske detaljer
Hovedforfatter: Porter, Roy (Author)
Format: Bog
Sprog:spansk
Udgivet: Madrid Turner 2003
Serier:Colección Noema
Fag:
Tags: Tilføj Tag
Ingen Tags, Vær først til at tagge denne postø!

MARC

LEADER 00000cam a2200000 a 4500
001 UCK8168
003 CL-VaPUC
008 060120e20030000SP |||||||||||||||||spa|d
020 |a 8475066003 
082 0 4 |a 616.89  |b POR  |2 21 
100 0 |a Porter, Roy  |e author  |9 497955 
245 1 0 |a Breve historia de la locura 
300 |a 226 p 
942 |c BK 
945 |d 20060120 00:00:00  |a jtorresc 
260 |a Madrid  |b Turner  |c 2003 
650 7 |a LOCURA  |2 CL-VaPUC  |9 497956 
650 0 |a Enfermedades mentales   |9 310204 
650 0 |a Desarrollo cultural  |9 267526 
650 0 |a Aspectos sociales  |9 254894 
650 0 |a Psiquiatría  |9 308427 
650 0 |a Psicopatología   |9 307473 
583 |a last modification  |c 20120113 12:56:44  |k Rodrigo Vera 
490 0 |a Colección Noema 
999 |c 315949  |d 315947 
952 |0 0  |1 0  |4 0  |6 616_890000000000000_POR_2003  |7 0  |8 A  |9 389843  |a BIBHIS  |b BIBHIS  |d 2019-11-22  |i 4629663  |o 616.89 POR 2003  |p 4629663  |r 2025-01-20  |w 2019-11-22  |y BK  |k HIS